Alarca (Record no. 434)
[ view plain ]
| 000 -CABECERA | |
|---|---|
| campo de control de longitud fija | 00888nam a2200193 a 4500 |
| 001 - NÚMERO DE CONTROL | |
| campo de control | BRCA_501 |
| 005 - FECHA Y HORA DE LA ÚLTIMA TRANSACCIÓN | |
| campo de control | 20190320203033.0 |
| 008 - DATOS DE LONGITUD FIJA--INFORMACIÓN GENERAL | |
| campo de control de longitud fija | 110408s2007----mx-a---###---#000-0#spa-# |
| 050 #4 - SIGNATURA TOPOGRÁFICA DE LA BIBLIOTECA DEL CONGRESO | |
| Número de clasificación | NK4340.T3 |
| Número de documento/Ítem | .A43 2007 |
| 245 10 - MENCIÓN DE TÍTULO | |
| Título | Alarca |
| Resto del título | talavera contemporánea : cerámica esmalteada. |
| 260 ## - PUBLICACIÓN, DISTRIBUCIÓN, ETC. | |
| Lugar de publicación, distribución, etc. | México |
| Nombre del editor, distribuidor, etc. | Museo Franz Mayer : Talavera de la Reina |
| Fecha de publicación, distribución, etc. | 2007 |
| 300 ## - DESCRIPCIÓN FÍSICA | |
| Extensión | 37 p. |
| Otras características físicas | il. a color, fotografías |
| Dimensiones | 21 cm. |
| 500 ## - NOTA GENERAL | |
| Nota general | Catálogo de la exposición realizada en el Museo Franz Mayer (Ciudad de México), 19 julio-30 septiembre, 2007 |
| 520 3# - SUMARIO, ETC. | |
| Sumario, etc. | Reúne piezas de artistas como Juan Soriano, Francisco Toledo, Vicente Rojo, Javier Marín y Gustavo Pérez |
| 610 24 - PUNTO DE ACCESO ADICIONAL DE MATERIA--NOMBRE DE ENTIDAD CORPORATIVA | |
| Nombre de entidad corporativa o nombre de jurisdicción como elemento de entrada | Talavera de la Reina |
| Subdivisión general | Talleres de alfarería |
| Subdivisión cronológica | Siglo XX |
| Subdivisión geográfica | Puebla (México) |
| 9 (RLIN) | 1724 |
| 650 14 - PUNTO DE ACCESO ADICIONAL DE MATERIA--TÉRMINO DE MATERIA | |
| Término de materia o nombre geográfico como elemento de entrada | Alarca |
| Subdivisión de forma | Exposiciones colectivas |
| Subdivisión general | Talavera |
| 9 (RLIN) | 1725 |
| 650 14 - PUNTO DE ACCESO ADICIONAL DE MATERIA--TÉRMINO DE MATERIA | |
| Término de materia o nombre geográfico como elemento de entrada | Cerámica esmaltada |
| Subdivisión general | Artistas |
| Subdivisión cronológica | Siglo XX |
| 9 (RLIN) | 1726 |
| 942 ## - ELEMENTOS DE PUNTO DE ACCESO ADICIONAL (KOHA) | |
| Fuente del sistema de clasificación o colocación | Library of Congress Classification |
| Tipo de ítem Koha | Libros |
| Estado de retiro | Estado de pérdida | Estado dañado | No para préstamo | Localización permanente | Ubicación/localización actual | Fecha de adquisición | Total de préstamos | Signatura topográfica completa | Código de barras | Fecha visto por última vez | Precio válido a partir de | Tipo de ítem Koha |
|---|---|---|---|---|---|---|---|---|---|---|---|---|
| El ejemplar forma parte de la colección y puede ser consultado según las políticas vigentes. | Biblioteca del Museo Franz Mayer (Rogerio Casas-Alatriste) | Biblioteca del Museo Franz Mayer (Rogerio Casas-Alatriste) | 25/06/2008 | NK4340.T3 .A43 2007 | 00801 | 22/03/2019 | 22/03/2019 | Libros |